Hướng dẫn giải bài tập hàm biến phức /

Guardado en:
Detalles Bibliográficos
Autor principal: Nguyễn Thủy Thanh
Formato: Libro
Lenguaje:Vietnamese
Publicado: ĐHQG.HN 2003
Etiquetas: Agregar Etiqueta
Sin Etiquetas, Sea el primero en etiquetar este registro!
Thư viện lưu trữ: Mạng thư viện Đại học Đà Nẵng
LEADER 00643nam a2200265 4500
001 000027965
003 NG-TH
005 20150403120000.0
008 150403s vm 000 vie
020 |c 0,0000 
040 |a notts 
100 |a Nguyễn Thủy Thanh 
245 |a Hướng dẫn giải bài tập hàm biến phức /  |c Nguyễn Thủy Thanh. 
260 |b ĐHQG.HN  |c 2003 
OWN |a LTT 
999 |a From the UDN01 
TYP |a Monograph 
TYP |a Printed language 
980 |a Mạng thư viện Đại học Đà Nẵng